000 00341nam a22001337a 4500
008 190205b xxu||||| |||| 00| 0 eng d
020 _a9780803627437
041 _aeng
080 _23rd
_a610.73
100 _a2
101 _aINF
245 _aConcept Mapping A Critical Thinking Approach to Care Planning
_cSchuster,P.M
942 _2udc
_cBK
999 _c54052
_d54052